000 00933nam a22002177a 4500
999 _c1884
_d1884
003 AR-CdUCM
008 190228b ||||| |||| 00| 0 spa d
040 _aMUNICIPALIDAD PROVINCIAL DEL CUSCO
_cBIBLIOTECA MUNICIPAL DEL CUSCO
082 _a338.91 /
_bB81
100 _aBrand, Willen
_96900
245 _aLa lucha por una vida mejor /
_cWillen Brand
260 _aMexico, D.F. :
_bNovaro-México,
_c1964.
300 _a638 paginas ;
_c16 cm.
505 _aEl proceso del desarrollo económico -- Análisis cuantitativo de la distribución desigual de los ingresos nacionales -- Indicios de atraso -- Definición de la composición de capital -- El aumento de la población y el crecimiento económico ...
650 _aDesarrollo económico
_91696
650 _aPaíses en desarrollo
_96901
650 _aRelaciones industriales
_96902
700 _aMosqueira, Salvador M.
_96903
942 _2ddc
_cLIBROS
945 _aacv
_d2019-02-28